| 000 | 00486nam a2200193Ia 4500 | ||
|---|---|---|---|
| 005 | 20240823014138.0 | ||
| 008 | 240823s9999||||xx |||||||||||||| ||und|| | ||
| 020 | _a81-7409-015-0 | ||
| 041 | _aENGLISH | ||
| 082 | _A621.43 P3 | ||
| 100 | _aBallaney P L | ||
| 245 | 0 | _aInternal Combustion Engines | |
| 250 | _a6th | ||
| 260 |
_c2000 _b"Khanna Publishders," _aNew Delhi |
||
| 500 | _aTRANSFERED | ||
| 650 |
_aCombustion _bAeronautical Engineering |
||
| 942 | _cBK | ||
| 999 |
_c169249 _d169249 |
||